Normal view MARC view
  • Hampton, David R.,

Entry Nombre Personal

Number of records used in: 3

001 - NUMERO DE CONTROL

  • campo de control: 40257

003 - IDENTIFICADOR DE NUMERO DE CONTROL

  • campo de control: DLC

005 - FECHA Y HORA DE LA ÜLTIMA TRANSACCIÓN

  • campo de control: 20220926120306.0

008 - DATOS DE LONGITUD FIJA

  • campo de control de longitud fija: 220926n| acannaabn |n aaa

010 ## - NÚMERO DE CONTROL DE LA BIBLIOTECA DEL CONGRESO

  • Número de control LC: n 50017700

035 ## - NUMERO DE CONTROL

  • Número de control: (OCoLC)oca00053148

040 ## - FUENTE DE CATALOGACIÓN

  • Agencia original de catalogación: DLC
  • Lenguaje de catalogación: spa
  • Agencia de transcripción: DLC
  • Agencia que lo modifica: IEN
  • Agencia que lo modifica: MX-MxUPN

046 ## - FECHAS CON CODIFICACIÓN ESPECIAL

  • Fecha de nacimiento: 1933

100 1# - ENCABEZAMIENTO - NOMBRE PERSONAL

  • Nombre personal: Hampton, David R.,
  • Fechas asociadas con el nombre: 1933-

670 ## - FUENTE EN LA QUE SE LOCALIZARON DATOS

  • Cita de la fuente: En su obra: Behavioral concepts in management, 1968.

670 ## - FUENTE EN LA QUE SE LOCALIZARON DATOS

  • Cita de la fuente: Info. converted from 678, 2012-10-02
  • Información localizada: (n. 1933)

902 ## - CATALOGADOR

  • Catalogador: NDAF/260922